000 01086nam a22003617a 4500
001 BR7703312
003 BR-BrBNA
005 20230928085317.0
007 ta
008 230509b bl.||||| |||| 00| 0 por d
040 _aBR-BrBNA
_bpor
_cBiblioteca Nacional de Agricultura
041 _a(Por)
072 _aQ20; H20; L73
_b4130
_b4110
_b4120
_b4150
_b3862
_b3910
_b/G514
090 _ 4130 BR7703312
110 1 _aSociedade Brasileira de Microbiologia, Sao Paulo, SP
_99771
111 1 _a8. Congresso Brasileiro de Microbiologia
_cRio de Janeiro, RJ (Brazil)
_d24 Jul 1977
245 1 _a8. Congresso Brasileiro de Microbiologia. Programa
260 3 _aRio de Janeiro, RJ (Brasil):
_c1977.
300 _a47 p.
650 _aMicrobiologia de alimento
650 _aDoenca de planta
650 _aDoenca animal
650 _aMicrorganismo
650 _aBacteria
650 _aFungo
650 _aVirus
650 _aResiduo industrial
650 _aAntibiotico
650 _aBiomassa
650 _aMicrobiologia
909 _a202309
_bLucia
_c55
_dLucia Elande
942 _cBK
999 _c23787
_d23787